Administering oracle (Record no. 10624)

MARC details
000 -LEADER
fixed length control field 00523cam a2200205ua 4500
001 - CONTROL NUMBER
control field 11842
005 - DATE AND TIME OF LATEST TRANSACTION
control field 20260515114815.0
008 - FIXED-LENGTH DATA ELEMENTS--GENERAL INFORMATION
fixed length control field 191113n ii |||gr||||Z||||||eng
020 ## - INTERNATIONAL STANDARD BOOK NUMBER
International Standard Book Number 8176569100
040 ## - CATALOGING SOURCE
Transcribing agency MAIN
082 ## - DEWEY DECIMAL CLASSIFICATION NUMBER
Classification number 005.74
100 ## - MAIN ENTRY--PERSONAL NAME
Personal name Ivan Bayross,
Relator term Author.,
245 ## - TITLE STATEMENT
Title Administering oracle
Statement of responsibility, etc. By Ivan Bayross
250 ## - EDITION STATEMENT
Edition statement 1st ed.
260 ## - PUBLICATION, DISTRIBUTION, ETC.
Place of publication, distribution, etc. New Delhi:
Name of publisher, distributor, etc. Bpb publications,
Date of publication, distribution, etc. 2016.
300 ## - PHYSICAL DESCRIPTION
Extent 324p.
653 ## - INDEX TERM--UNCONTROLLED
Uncontrolled term Computer programming, programs & data
653 ## - INDEX TERM--UNCONTROLLED
Uncontrolled term Oracle databases
942 ## - ADDED ENTRY ELEMENTS (KOHA)
Koha item type Books
Holdings
Withdrawn status Lost status Damaged status Not for loan Home library Current library Shelving location Date acquired Total checkouts Full call number Barcode Date last seen Date last checked out Copy number Price effective from Koha item type
        Naharkatiya College Library Naharkatiya College Library General stacks 09/19/2020 1 005.74Computer science | BAY 24712 08/13/2021 08/13/2021 1 09/19/2020 Books
        Naharkatiya College Library Naharkatiya College Library General stacks 09/19/2020   005.74Computer science | BAY 24713 09/19/2020   2 09/19/2020 Books
        Naharkatiya College Library Naharkatiya College Library General stacks 09/19/2020   005.74Computer science | BAY 24714 09/19/2020   3 09/19/2020 Books